000 00621cam a22002051 4500
001 he 68003442
003 DLC
005 20260227111505.0
008 840119s1965 is 000 0 heb
010 _ahe 68003442
035 _a(OCoLC)19152467
040 _aDLC
_cMH
_dCU
_dDLC
042 _apremarc
050 0 0 _aBM194
_b.B5
100 1 _aBlau, Avraham.
245 1 0 _aPeraḳim be-toldot Yiśraʼel :
_byeme ha-haśkalah ṿeha-emantsipatsyah /
_cme-et Avraham Bloi.
260 _aBene Beraḳ :
_bSeminar le-morot ule-gananot Or ha-ḥayim,
_c726 [1965 or 1966]
300 _a72 p. ;
_c24 cm.
650 0 _aHaskalah.
999 _c33880
_d33880